LEADER 00987nam a2200241 i 4500 001 000000156030 003 CaOOAMICUS 005 20070216000000.0 008 070216s1957 it u000 u ita u 013 $a133384 040 $aSeMil$bita 100 1 $aLottin, Odon,$c.$0(OLS)http://semarc/name/1084 245 10$aAu coeur de la morale chrétienne :$bBible, tradition, philosohie /$cOdon Lottin. 260 $aBelgium :$bDesclée,$ccopyr. 1957. 300 $a207 p. ;$c20 cm. 490 0 $aMorale chrétienne 650 4$aMorale cristiana - Fondamenti.$0(OLS)http://semarc/subject/23076 830 0$aMorale chrétienne.$0(OLS)http://semarc/title/22851 850 $aSeMil 852 $aSeMil$W1$xVenegono$y1$m2E I 452$j107832$B107832$CSeMilBibl$Z2$F121469 $81 961 $aOmaggio: Altro 996 $6245$aAu coeur de la morale chrétienne :$bBible, tradition, philosohie$9(OLS)http://semarc/title/228627 996 $6260$aBelgium :$bDesclée$9(OLS)http://semarc/publisher/33888 LEADER 01168nam a2200217 i 4500 001 000000007285 003 CaOOAMICUS 005 20190124142308.0 008 180830s2001 it u000 u ita u 040 $aSeMil$bita 245 10$aLiber ordinarius modoetiensis cum kalendario-obituario. 260 $aRoma :$bCLV Edizioni Liturgiche,$c2001. 300 $a2 v. ;$c24 cm. 490 0 $aBibliotheca Ephemerides Liturgicae. Subsidia 773 0 $tMonumenta Italiae liturgica.$dRoma : CLV Edizioni Liturgiche, 1992.$w()7284 774 0 $tTomus A./ studia et editionem paravit Ferdinando Dell'Oro , adlaborante Renato Mambretti.$kBibliotheca Ephemerides Liturgicae. Subsidia$kMonumenta Italiae liturgica$gTomus$w()106281 774 0 $tKalendarium-obituarium modoetiense.$kBibliotheca Ephemerides Liturgicae. Subsidia$kMonumenta Italiae liturgica$z88-86655-96-7$gTomus$w()106282 830 0$aBibliotheca Ephemerides Liturgicae. Subsidia.$0(OLS)http://semarc/title/38 996 $6245$aLiber ordinarius modoetiensis cum kalendario-obituario$9(OLS)http://semarc/title/9762 996 $6260$aRoma :$bCLV Edizioni Liturgiche$9(OLS)http://semarc/publisher/29627